Städte, die mehrere Olympische Sommerspiele ausgetragen haben - Statistiken

Allgemein
  • Dieses Quiz wurde 55 mal gespielt
  • Das Durchschnittsergebnis liegt bei 5 aus 5
Antwortstatistiken
Anzahl der Ausgaben Jahre Stadt % Korrekt
3 1900; 1924; 2024 Paris
100%
2 1964; 2020 Tokio
98%
2 1896; 2004 Athen
94%
3 1908; 1948; 2012 London
92%
2 1932; 1984 Los Angeles
81%
Keine übereinstimmenden Quizze gefunden
Verteilung der Resultate
Anzahl Personen mit jedem Resultat
Perzentil nach korrekt beantworteten Fragen
Ihre Resultats-Entwicklung
Sie haben dieses Quiz noch nicht gespielt